Animal Crossing - les Villageois Écureuils [avec image] - Statistiques

Statistiques générales
  • Ce quiz a été pris 21 fois
    19 depuis la dernière actualisation
  • Le résultat moyen est 13 sur 21
Statistiques - réponses
Par images Réponse % Correct
Mathéo
93%
Pécan
86%
Rachida
86%
Filibert
79%
Cachou
71%
Électro
71%
Pamela
71%
Amande
64%
Irène
64%
Terra
64%
Célia
57%
Damia
57%
Mounia
57%
Ninjette
57%
Lola
50%
Rocky
50%
Isabelle
43%
Roy
43%
Nadeige
36%
Kala
29%
Mara
29%
Aucun quiz correspondant
Distribution des résultats
% des personnes avec chaque résultat
Percentile par nombre de réponses
Votre historique - résultats
Vous n’avez pas pris ce quiz depuis la dernière actualisation